| 000 | 00525nam a2200181Ia 4500 | ||
|---|---|---|---|
| 005 | 20250508150415.0 | ||
| 008 | 008 250505s9999 xx 000 0 eng d | ||
| 037 | _aBooks to be hide in OPAC | ||
| 040 |
_aFEDL _beng _cFEDL |
||
| 041 |
_aeng _2eng |
||
| 084 |
_a370.15, ISA/O _qFEDL |
||
| 100 | _aIsaacs Susan | ||
| 245 | 0 | _aChildren we teach : Seven to eleven years | |
| 260 |
_aLondon, UK _bUniversity of London Press _c1932 |
||
| 300 | _a175p | ||
| 942 |
_cHB _h370.15, ISA/O |
||
| 999 |
_c1323476 _d1323476 |
||